'The Odd Couple' Intro Quiz Stats

 Plays Quiz Updated Nov 13, 2015

Score 0/81 Timer 05:00
0 Plays Today
% Correct
the
84.8%
to
80.7%
to
80.7%
to
80.7%
Felix
77%
Oscar
75.4%
an
74.6%
his
72.8%
his
72.8%
his
72.8%
wife.
72.4%
wife
72.4%
On
72.3%
Unger
69.9%
he
69.3%
he
69.3%
he
69.3%
he
69.3%
he
69.3%
two
66.2%
of
65.4%
of
65.4%
Madison.
65%
friend,
64.1%
men
62.7%
Can
60.5%
was
60.3%
% Correct
was
60.3%
him
60.2%
With
60%
apartment
58.4%
go,
57.7%
out,
56%
that
53.7%
that
53.7%
that
53.7%
from
52.7%
from
52.7%
home
48.9%
other
48.6%
each
47.5%
asked
45.9%
without
45.3%
divorced
45%
share
44.3%
came
42.6%
had
41.1%
crazy?
41.1%
driving
40.3%
at
39.3%
request
38.8%
her.
38.4%
nowhere
38%
else
37%
% Correct
never
36.3%
place
35.8%
she
35.7%
return
34.6%
return.
34.6%
years
34.1%
November
33.1%
would
32.4%
residence;
32.1%
but
31.7%
thrown
31.4%
also
30.4%
himself
29.8%
remove
29.6%
13,
27.9%
Several
27.5%
earlier,
27.3%
childhood
27.2%
knew
26.9%
knew
26.9%
Madison's
22.1%
right,
21.6%
down,
21.4%
someday
21.2%
requesting
18.9%
Deep
18%
appeared
15.4%

You're not logged in!

Compare scores with friends on all Sporcle quizzes.
OR
Log In

Sporcle TV

Today on Sporcle TV


Watch our educational content, quiz creation guides, and fun videos on Sporcle TV.

Show Comments

Extras

Top Quizzes Today


Score Distribution

Your Account Isn't Verified!

In order to create a playlist on Sporcle, you need to verify the email address you used during registration. Go to your Sporcle Settings to finish the process.

Report this User

Report this user for behavior that violates our Community Guidelines.

Details: